[Event "festival54"]
[Site "?"]
[Date "2016.02.18"]
[Round "3.5"]
[White "Adrian, Claude"]
[Black "Jessel, Stephen"]
[Result "0-1"]
[LiveChessVersion "1.4.7"]
[BlackElo "2336"]
[WhiteElo "2202"]

1. c4 b6 {[%clk 1:27:23]} 2. Nc3 {[%clk 1:28:16]} Bb7 {[%clk 1:27:40]} 3. d4
{[%clk 1:28:38]} e6 {[%clk 1:27:39]} 4. a3 {[%clk 1:29:03]} f5 {[%clk 1:27:20]}
5. d5 {[%clk 1:29:26]} Nf6 {[%clk 1:27:32]} 6. g3 {[%clk 1:29:51]} Na6
{[%clk 1:27:05]} 7. Bg2 {[%clk 1:30:12]} Nc5 {[%clk 1:27:17]} 8. Nf3
{[%clk 1:26:41]} Bd6 {[%clk 1:21:23]} 9. O-O {[%clk 1:26:41]} O-O
{[%clk 1:20:04]} 10. Be3 {[%clk 1:10:40]} Nce4 {[%clk 1:05:44]} 11. Nxe4
{[%clk 0:35:51]} fxe4 {[%clk 1:03:23]} 12. Ng5 {[%clk 0:35:18]} exd5
{[%clk 0:44:32]} 13. cxd5 {[%clk 0:35:41]} Bxd5 {[%clk 0:41:27]} 14. Bd4
{[%clk 0:32:52]} c6 {[%clk 0:38:33]} 15. Bxf6 {[%clk 0:30:26]} Qxf6
{[%clk 0:37:20]} 16. Nxe4 {[%clk 0:30:42]} Bxe4 {[%clk 0:37:10]} 17. Bxe4
{[%clk 0:31:06]} Rae8 {[%clk 0:30:34]} 18. Qc2 {[%clk 0:28:50]} g6
{[%clk 0:27:58]} 19. Rad1 {[%clk 0:27:50]} Re7 {[%clk 0:20:34]} 20. Kg2
{[%clk 0:27:26]} Kg7 {[%clk 0:17:07]} 21. h4 {[%clk 0:26:58]} a5 {[%clk 0:13:51]}
22. f4 {[%clk 0:15:42]} Bc5 {[%clk 0:10:45]} 23. Bf3 {[%clk 0:15:01]} d5
{[%clk 0:09:52]} 24. Rd3 {[%clk 0:10:42]} Rfe8 {[%clk 0:07:16]} 25. Qc3
{[%clk 0:05:31]} Rxe2+ {[%clk 0:04:11]} 26. Bxe2 {[%clk 0:05:52]} Rxe2+
{[%clk 0:04:35]} 27. Kh3 {[%clk 0:02:43]} d4 {[%clk 0:03:18]} 28. Qc4
{[%clk 0:02:26]} Qf5+ {[%clk 0:02:26]} 29. g4 {[%clk 0:02:54]} Qe4
{[%clk 0:02:51]} 30. Rg3 {[%clk 0:03:09]} h5 {[%clk 0:00:37]} 31. f5
{[%clk 0:01:45]} hxg4+ {[%clk 0:00:46]} 32. Rxg4 {[%clk 0:02:09]} Re3+
{[%clk 0:00:37]} 33. Rg3 {[%clk 0:02:17]} Rxg3+ {[%clk 0:00:51]} 34. Kxg3
{[%clk 0:02:42]} Bd6+ {[%clk 0:01:15]} 35. Kh3 {[%clk 0:01:49]} Qe3+
{[%clk 0:01:39]} 0-1

[Event "festival54"]
[Site "?"]
[Date "2016.02.18"]
[Round "4.1"]
[White "Micottis, Dorian"]
[Black "Le Corre, Benjamin"]
[Result "0-1"]
[LiveChessVersion "1.4.7"]
[BlackElo "2303"]
[WhiteElo "2331"]

1. Nf3 {[%clk 1:30:36]} Nf6 {[%clk 1:28:09]} 2. g3 {[%clk 1:30:50]} g6
{[%clk 1:28:30]} 3. Bg2 {[%clk 1:31:16]} Bg7 {[%clk 1:28:10]} 4. d4
{[%clk 1:31:40]} O-O {[%clk 1:28:09]} 5. O-O {[%clk 1:32:02]} d6 {[%clk 1:28:33]}
6. c4 {[%clk 1:32:27]} c6 {[%clk 1:28:55]} 7. b3 {[%clk 1:32:45]} Ne4
{[%clk 1:26:38]} 8. Bb2 {[%clk 1:29:10]} Nd7 {[%clk 1:26:01]} 9. Nbd2
{[%clk 1:23:07]} Ndf6 {[%clk 1:18:04]} 10. Nxe4 {[%clk 1:21:43]} Nxe4
{[%clk 1:17:34]} 11. Nd2 {[%clk 1:21:36]} Ng5 {[%clk 1:10:45]} 12. h4
{[%clk 1:12:49]} Ne6 {[%clk 1:10:50]} 13. Nf3 {[%clk 1:13:12]} Nc7
{[%clk 1:10:19]} 14. h5 {[%clk 1:08:07]} d5 {[%clk 1:04:17]} 15. hxg6
{[%clk 1:02:12]} hxg6 {[%clk 1:03:24]} 16. Qd2 {[%clk 1:01:26]} Bf5
{[%clk 0:56:34]} 17. Nh4 {[%clk 0:59:41]} Be6 {[%clk 0:56:13]} 18. Rac1
{[%clk 0:59:05]} Bf6 {[%clk 0:55:24]} 19. e4 {[%clk 0:55:45]} Kg7
{[%clk 0:55:02]} 20. Qf4 {[%clk 0:43:37]} Rc8 {[%clk 0:52:34]} 21. cxd5
{[%clk 0:33:16]} cxd5 {[%clk 0:51:59]} 22. e5 {[%clk 0:33:26]} Bxh4
{[%clk 0:51:55]} 23. Qxh4 {[%clk 0:33:48]} Rh8 {[%clk 0:51:49]} 24. Qf4
{[%clk 0:34:11]} Qd7 {[%clk 0:51:57]} 25. f3 {[%clk 0:32:31]} Bh3
{[%clk 0:49:33]} 26. g4 {[%clk 0:31:39]} Bxg2 {[%clk 0:49:29]} 27. Kxg2
{[%clk 0:32:04]} Ne6 {[%clk 0:49:54]} 28. Qd2 {[%clk 0:29:16]} g5
{[%clk 0:49:47]} 29. Rxc8 {[%clk 0:22:48]} Nf4+ {[%clk 0:48:46]} 30. Qxf4
{[%clk 0:22:45]} gxf4 {[%clk 0:49:05]} 31. Rxh8 {[%clk 0:23:11]} Kxh8
{[%clk 0:49:27]} 32. Bc1 {[%clk 0:23:17]} Qb5 {[%clk 0:48:32]} 33. Bxf4
{[%clk 0:23:20]} Qd3 {[%clk 0:48:40]} 34. Bg5 {[%clk 0:17:36]} Qxd4
{[%clk 0:46:32]} 35. Bxe7 {[%clk 0:17:35]} Qxe5 {[%clk 0:45:58]} 36. Bb4
{[%clk 0:16:51]} Qd4 {[%clk 0:36:12]} 37. Ba3 {[%clk 0:16:28]} Kg7
{[%clk 0:36:01]} 38. Rf2 {[%clk 0:16:37]} Kg6 {[%clk 0:36:20]} 39. Bc1
{[%clk 0:16:18]} f5 {[%clk 0:35:37]} 40. gxf5+ {[%clk 0:15:10]} Kxf5
{[%clk 0:35:54]} 41. Bd2 {[%clk 0:14:00]} Qg7+ {[%clk 0:36:03]} 42. Kh2
{[%clk 0:14:00]} Qb2 {[%clk 0:34:44]} 43. b4 {[%clk 0:09:40]} Qxa2
{[%clk 0:34:03]} 44. Rg2 {[%clk 0:09:52]} d4 {[%clk 0:33:16]} 45. Rg5+
{[%clk 0:08:35]} Kf6 {[%clk 0:33:11]} 46. Rg2 {[%clk 0:08:51]} Qb3
{[%clk 0:33:18]} 47. Kg3 {[%clk 0:08:40]} b6 {[%clk 0:29:25]} 48. Rh2
{[%clk 0:08:22]} Kg7 {[%clk 0:27:55]} 49. Bh6+ {[%clk 0:06:56]} Kf7
{[%clk 0:23:41]} 50. Bd2 {[%clk 0:07:22]} Qd3 {[%clk 0:24:06]} 51. Be1
{[%clk 0:06:02]} Qg6+ {[%clk 0:23:16]} 52. Kf2 {[%clk 0:05:49]} Ke6
{[%clk 0:23:38]} 53. Bd2 {[%clk 0:05:34]} Kd5 {[%clk 0:23:41]} 54. Rg2
{[%clk 0:03:51]} Qd3 {[%clk 0:23:53]} 55. Kg3 {[%clk 0:04:15]} Kc4
{[%clk 0:23:46]} 56. Kf4 {[%clk 0:03:28]} Qh7 {[%clk 0:23:52]} 57. Be1
{[%clk 0:03:06]} Qc7+ {[%clk 0:22:17]} 58. Kg4 {[%clk 0:02:52]} Qg7+
{[%clk 0:22:38]} 59. Kh3 {[%clk 0:03:12]} Qh8+ {[%clk 0:22:59]} 60. Kg3
{[%clk 0:02:16]} Qe5+ {[%clk 0:23:22]} 61. Kf2 {[%clk 0:02:41]} Qe3+
{[%clk 0:23:48]} 62. Kf1 {[%clk 0:03:05]} Qxf3+ {[%clk 0:24:13]} 63. Rf2
{[%clk 0:03:15]} Qh1+ {[%clk 0:24:38]} 64. Ke2 {[%clk 0:03:36]} a5
{[%clk 0:24:32]} 65. bxa5 {[%clk 0:03:52]} bxa5 {[%clk 0:24:57]} 66. Kd1
{[%clk 0:03:33]} a4 {[%clk 0:21:38]} 67. Rc2+ {[%clk 0:03:21]} Kb3
{[%clk 0:21:53]} 68. Rd2 {[%clk 0:03:47]} Qe4 {[%clk 0:20:39]} 69. Bf2
{[%clk 0:03:32]} d3 {[%clk 0:20:23]} 70. Kc1 {[%clk 0:03:09]} Qh1+
{[%clk 0:20:47]} 71. Rd1 {[%clk 0:03:26]} Qc6+ {[%clk 0:21:13]} 0-1

[Event "festival54"]
[Site "?"]
[Date "2016.02.18"]
[Round "4.2"]
[White "Mohota, Nisha"]
[Black "Migot, Tangi"]
[Result "1-0"]
[LiveChessVersion "1.4.7"]
[BlackElo "2397"]
[WhiteElo "2257"]

1. d4 {[%clk 1:26:23]} d5 {[%clk 1:30:44]} 2. c4 {[%clk 1:25:43]} e6
{[%clk 1:30:59]} 3. Nf3 {[%clk 1:25:36]} c6 {[%clk 1:31:17]} 4. Qc2
{[%clk 1:24:19]} dxc4 {[%clk 1:29:52]} 5. Qxc4 {[%clk 1:24:09]} Nf6
{[%clk 1:29:44]} 6. e3 {[%clk 1:20:01]} b5 {[%clk 1:29:15]} 7. Qc2
{[%clk 1:20:15]} Bb7 {[%clk 1:29:26]} 8. Be2 {[%clk 1:19:53]} Nbd7
{[%clk 1:26:32]} 9. O-O {[%clk 1:19:50]} Bd6 {[%clk 1:23:27]} 10. b3
{[%clk 1:04:56]} a6 {[%clk 1:17:54]} 11. e4 {[%clk 0:59:22]} e5 {[%clk 1:13:10]}
12. Bb2 {[%clk 0:54:44]} Qc7 {[%clk 1:12:00]} 13. dxe5 {[%clk 0:47:25]} Nxe5
{[%clk 1:11:18]} 14. Nbd2 {[%clk 0:47:00]} O-O {[%clk 1:03:38]} 15. Rac1
{[%clk 0:39:20]} Rfe8 {[%clk 0:56:33]} 16. h3 {[%clk 0:35:54]} Rac8
{[%clk 0:52:37]} 17. Nh4 {[%clk 0:26:52]} Ng6 {[%clk 0:38:48]} 18. Bxf6
{[%clk 0:22:52]} gxf6 {[%clk 0:39:13]} 19. Nf5 {[%clk 0:23:12]} Be5
{[%clk 0:36:56]} 20. g3 {[%clk 0:21:48]} Qb6 {[%clk 0:28:46]} 21. b4
{[%clk 0:18:11]} Ne7 {[%clk 0:27:05]} 22. Bg4 {[%clk 0:10:49]} Rc7
{[%clk 0:23:32]} 1-0

[Event "festival54"]
[Site "?"]
[Date "2016.02.18"]
[Round "4.3"]
[White "Pucher, Sebastien"]
[Black "Adrian, Claude"]
[Result "1-0"]
[LiveChessVersion "1.4.7"]
[BlackElo "2202"]
[WhiteElo "2297"]

1. Nf3 {[%clk 1:30:58]} Nf6 {[%clk 1:19:35]} 2. c4 {[%clk 1:30:47]} c5
{[%clk 1:19:49]} 3. g3 {[%clk 1:29:35]} e6 {[%clk 1:19:10]} 4. Bg2
{[%clk 1:29:40]} d5 {[%clk 1:19:26]} 5. cxd5 {[%clk 1:29:02]} exd5
{[%clk 1:19:50]} 6. d4 {[%clk 1:29:24]} Nc6 {[%clk 1:20:14]} 7. O-O
{[%clk 1:29:35]} Be7 {[%clk 1:20:40]} 8. Nc3 {[%clk 1:29:53]} O-O
{[%clk 1:21:05]} 9. Bg5 {[%clk 1:30:18]} cxd4 {[%clk 1:21:20]} 10. Nxd4
{[%clk 1:30:21]} h6 {[%clk 1:21:44]} 11. Be3 {[%clk 1:30:33]} Re8
{[%clk 1:22:09]} 12. Rc1 {[%clk 1:20:10]} Bg4 {[%clk 1:17:44]} 13. h3
{[%clk 1:18:14]} Bh5 {[%clk 1:15:17]} 14. Qa4 {[%clk 1:10:32]} Qd7
{[%clk 1:13:20]} 15. Rfd1 {[%clk 0:57:05]} Bf8 {[%clk 1:00:59]} 16. Nxd5
{[%clk 0:44:38]} Nxd5 {[%clk 1:00:04]} 17. Nxc6 {[%clk 0:44:28]} Rxe3
{[%clk 0:46:30]} 18. Rxd5 {[%clk 0:35:18]} Qe8 {[%clk 0:44:40]} 19. Rxh5
{[%clk 0:27:55]} Rxe2 {[%clk 0:42:19]} 20. Qd1 {[%clk 0:23:15]} Rc8
{[%clk 0:34:11]} 21. Bf1 {[%clk 0:21:22]} Re4 {[%clk 0:21:38]} 22. Nxa7
{[%clk 0:18:31]} Rxc1 {[%clk 0:16:52]} 23. Qxc1 {[%clk 0:18:59]} g5
{[%clk 0:17:21]} 24. h4 {[%clk 0:14:53]} f6 {[%clk 0:13:31]} 25. Qd1
{[%clk 0:14:26]} Kg7 {[%clk 0:12:31]} 26. hxg5 {[%clk 0:13:33]} fxg5
{[%clk 0:12:32]} 27. Rh2 {[%clk 0:12:08]} Bc5 {[%clk 0:12:01]} 28. Nb5
{[%clk 0:11:39]} Re1 {[%clk 0:12:12]} 29. Qd3 {[%clk 0:10:58]} Qe5
{[%clk 0:11:15]} 30. Qc3 {[%clk 0:04:11]} Qxc3 {[%clk 0:10:04]} 31. Nxc3
{[%clk 0:04:28]} Rc1 {[%clk 0:10:21]} 32. Kg2 {[%clk 0:02:06]} Rc2
{[%clk 0:10:17]} 33. Kf3 {[%clk 0:02:24]} Rxb2 {[%clk 0:10:32]} 34. Ne4
{[%clk 0:00:32]} Ba7 {[%clk 0:05:16]} 35. Bc4 {[%clk 0:00:58]} b5
{[%clk 0:05:08]} 36. Bb3 {[%clk 0:01:19]} Rb1 {[%clk 0:05:29]} 37. Ke2
{[%clk 0:00:57]} Rc1 {[%clk 0:05:35]} 38. f3 {[%clk 0:00:44]} b4 {[%clk 0:05:40]}
39. g4 {[%clk 0:00:44]} Bb8 {[%clk 0:05:10]} 40. Rh3 {[%clk 0:00:56]} Bf4
{[%clk 0:05:27]} 41. Ng3 {[%clk 0:00:52]} 1-0

[Event "festival54"]
[Site "?"]
[Date "2016.02.18"]
[Round "4.4"]
[White "Ninov, Nikolai"]
[Black "Jessel, Stephen"]
[Result "1/2-1/2"]
[LiveChessVersion "1.4.7"]
[BlackElo "2336"]
[WhiteElo "2450"]

1. e4 {[%clk 1:30:55]} e6 {[%clk 1:29:11]} 2. d4 {[%clk 1:31:05]} d5
{[%clk 1:29:31]} 3. Nc3 {[%clk 1:31:17]} Nf6 {[%clk 1:29:49]} 4. Bg5
{[%clk 1:31:21]} Bb4 {[%clk 1:30:07]} 5. Nge2 {[%clk 1:30:36]} h6
{[%clk 1:29:29]} 6. Bxf6 {[%clk 1:30:31]} Qxf6 {[%clk 1:29:49]} 7. a3
{[%clk 1:30:51]} Ba5 {[%clk 1:28:37]} 8. exd5 {[%clk 1:29:35]} O-O
{[%clk 1:26:24]} 9. Qd3 {[%clk 0:58:29]} Rd8 {[%clk 1:14:19]} 10. dxe6
{[%clk 0:58:00]} Bxe6 {[%clk 1:13:03]} 11. O-O-O {[%clk 0:56:30]} Bb6
{[%clk 0:55:10]} 12. Qf3 {[%clk 0:40:44]} Qxf3 {[%clk 0:37:12]} 13. gxf3
{[%clk 0:40:55]} Bc4 {[%clk 0:35:53]} 14. b3 {[%clk 0:28:00]} Ba6
{[%clk 0:33:42]} 15. Ne4 {[%clk 0:15:50]} Bxe2 {[%clk 0:25:11]} 16. Bxe2
{[%clk 0:16:12]} Rxd4 {[%clk 0:24:11]} 17. Rxd4 {[%clk 0:14:12]} Bxd4
{[%clk 0:24:37]} 18. Rd1 {[%clk 0:14:28]} Nc6 {[%clk 0:24:29]} 19. Bb5
{[%clk 0:14:04]} Be5 {[%clk 0:22:53]} 20. Bxc6 {[%clk 0:14:11]} bxc6
{[%clk 0:20:14]} 21. h3 {[%clk 0:14:34]} f5 {[%clk 0:14:24]} 22. Ng3
{[%clk 0:14:04]} Bd6 {[%clk 0:13:34]} 23. a4 {[%clk 0:12:36]} g6 {[%clk 0:13:37]}
24. Ne2 {[%clk 0:10:26]} Kf7 {[%clk 0:05:01]} 25. Kd2 {[%clk 0:10:30]} Rd8
{[%clk 0:04:06]} 26. Ke1 {[%clk 0:10:38]} Bb4+ {[%clk 0:02:27]} 27. c3
{[%clk 0:10:59]} Rxd1+ {[%clk 0:02:24]} 28. Kxd1 {[%clk 0:11:20]} Bc5
{[%clk 0:02:38]} 29. Ke1 {[%clk 0:10:46]} a6 {[%clk 0:01:45]} 30. Nf4
{[%clk 0:06:52]} Bd6 {[%clk 0:01:38]} 31. Nd3 {[%clk 0:07:07]} Ke6
{[%clk 0:01:22]} 32. Ke2 {[%clk 0:06:34]} c5 {[%clk 0:00:36]} 33. f4
{[%clk 0:04:19]} Kd5 {[%clk 0:00:36]} 34. c4+ {[%clk 0:00:59]} Kd4
{[%clk 0:00:36]} 35. Kd2 {[%clk 0:01:25]} c6 {[%clk 0:00:39]} 36. f3
{[%clk 0:01:13]} h5 {[%clk 0:00:41]} 37. h4 {[%clk 0:00:47]} Bc7 {[%clk 0:00:38]}
38. Ke2 {[%clk 0:00:57]} Bd6 {[%clk 0:00:54]} 39. Kd2 {[%clk 0:01:16]} Bc7
{[%clk 0:00:38]} 40. Ke2 {[%clk 0:01:38]} Bd6 41. Kd2 Bc7 42. Ke2 Bd6 43. Kd2 Bc7
44. Kc2 a5 45. Ne5 Ke3 46. b4 1/2-1/2

[Event "festival54"]
[Site "?"]
[Date "2016.02.18"]
[Round "4.5"]
[White "Iglesias, Joachim"]
[Black "Mager, Denis"]
[Result "1/2-1/2"]
[LiveChessVersion "1.4.7"]
[BlackElo "2239"]
[WhiteElo "2308"]

1. d4 {[%clk 1:30:57]} d5 {[%clk 1:30:57]} 2. Nf3 {[%clk 1:31:20]} Nf6
{[%clk 1:31:17]} 3. e3 {[%clk 1:31:45]} c5 {[%clk 1:31:20]} 4. c3
{[%clk 1:31:50]} e6 {[%clk 1:31:04]} 5. Bd3 {[%clk 1:32:15]} Nbd7
{[%clk 1:31:21]} 6. Nbd2 {[%clk 1:32:26]} Bd6 {[%clk 1:30:48]} 7. O-O
{[%clk 1:32:50]} O-O {[%clk 1:31:04]} 8. Re1 {[%clk 1:33:11]} Qc7
{[%clk 1:30:56]} 9. e4 {[%clk 1:33:27]} cxd4 {[%clk 1:29:04]} 10. cxd4
{[%clk 1:33:51]} dxe4 {[%clk 1:28:44]} 11. Nxe4 {[%clk 1:34:17]} Nxe4
{[%clk 1:28:30]} 12. Rxe4 {[%clk 1:34:16]} Re8 {[%clk 1:15:48]} 13. Bd2
{[%clk 1:12:18]} b6 {[%clk 1:09:46]} 14. Rc1 {[%clk 1:09:37]} Qd8
{[%clk 1:09:34]} 15. Bg5 {[%clk 1:09:16]} Be7 {[%clk 1:00:44]} 16. Bf4
{[%clk 1:01:03]} Bf6 {[%clk 0:53:37]} 17. Ne5 {[%clk 0:55:03]} Bxe5
{[%clk 0:46:03]} 18. dxe5 {[%clk 0:54:46]} Nc5 {[%clk 0:46:08]} 19. Rd4
{[%clk 0:53:45]} Nxd3 {[%clk 0:39:03]} 20. Qxd3 {[%clk 0:43:33]} Qe7
{[%clk 0:38:34]} 21. Qg3 {[%clk 0:43:29]} Qf8 {[%clk 0:31:50]} 22. Bd2
{[%clk 0:29:52]} Ba6 {[%clk 0:25:23]} 23. Bb4 {[%clk 0:24:27]} Rec8
{[%clk 0:25:28]} 24. Re1 {[%clk 0:24:39]} Qe8 {[%clk 0:25:22]} 25. Rg4
{[%clk 0:25:04]} g6 {[%clk 0:24:43]} 26. Qh4 {[%clk 0:24:24]} Qb5
{[%clk 0:19:51]} 27. Qh6 {[%clk 0:21:50]} Rc4 {[%clk 0:15:19]} 28. Rxc4
{[%clk 0:19:58]} Qxc4 {[%clk 0:15:41]} 29. Be7 {[%clk 0:20:21]} Qc8
{[%clk 0:14:24]} 30. h3 {[%clk 0:12:38]} Qe8 {[%clk 0:13:47]} 31. Qh4
{[%clk 0:12:39]} Rc8 {[%clk 0:13:19]} 32. Re4 {[%clk 0:12:45]} Qc6
{[%clk 0:09:46]} 33. Qxh7+ {[%clk 0:09:40]} Kxh7 {[%clk 0:09:24]} 34. Rh4+
{[%clk 0:10:06]} Kg8 {[%clk 0:09:40]} 35. Bf6 {[%clk 0:10:33]} Qc1+
{[%clk 0:08:16]} 36. Kh2 {[%clk 0:10:59]} Qf4+ {[%clk 0:08:01]} 37. Rxf4
{[%clk 0:11:25]} Rc4 {[%clk 0:07:46]} 38. Rf3 {[%clk 0:10:48]} Bb7
{[%clk 0:07:00]} 39. Ra3 {[%clk 0:09:19]} a6 {[%clk 0:07:15]} 40. Be7
{[%clk 0:05:51]} Kg7 {[%clk 0:04:28]} 41. Rc3 {[%clk 0:05:49]} Rxc3
{[%clk 0:04:22]} 42. bxc3 {[%clk 0:06:17]} Bd5 {[%clk 0:04:29]} 43. a3
{[%clk 0:06:43]} Kh6 {[%clk 0:04:12]} 44. f4 {[%clk 0:05:24]} b5 {[%clk 0:04:07]}
45. Bd8 {[%clk 0:05:23]} Kg7 {[%clk 0:04:24]} 46. Be7 {[%clk 0:05:34]} a5
{[%clk 0:04:23]} 47. g4 {[%clk 0:04:55]} a4 {[%clk 0:03:58]} 48. Kg3
{[%clk 0:05:20]} Be4 {[%clk 0:04:11]} 49. Kf2 {[%clk 0:03:53]} Bd3
{[%clk 0:04:32]} 50. Kf3 {[%clk 0:03:09]} Bc4 {[%clk 0:04:28]} 51. Kg3
{[%clk 0:03:34]} Bd3 {[%clk 0:04:51]} 52. Kh4 {[%clk 0:03:59]} Bf1
{[%clk 0:05:09]} 53. Bc5 {[%clk 0:04:03]} Kh6 {[%clk 0:04:34]} 54. Bf8+
{[%clk 0:04:26]} Kh7 {[%clk 0:04:59]} 55. Kg3 {[%clk 0:04:18]} Kg8
{[%clk 0:05:18]} 56. Be7 {[%clk 0:04:36]} Kg7 {[%clk 0:05:41]} 57. h4
{[%clk 0:05:01]} Be2 {[%clk 0:05:52]} 58. Bd6 {[%clk 0:05:24]} Bd1
{[%clk 0:06:00]} 59. g5 {[%clk 0:04:11]} Be2 {[%clk 0:06:20]} 60. Kf2
{[%clk 0:04:37]} Bc4 {[%clk 0:06:34]} 61. Ke3 {[%clk 0:05:04]} Bf1
{[%clk 0:06:56]} 62. Kd4 {[%clk 0:05:31]} Bc4 {[%clk 0:07:10]} 63. Kc5
{[%clk 0:05:58]} Be2 {[%clk 0:07:22]} 64. Kc6 {[%clk 0:06:24]} Bc4
{[%clk 0:07:37]} 65. Kd7 {[%clk 0:06:49]} Be2 {[%clk 0:07:41]} 66. Ke8
{[%clk 0:07:15]} Kg8 {[%clk 0:07:55]} 67. Bf8 {[%clk 0:07:34]} Bd3
{[%clk 0:07:46]} 68. Ke7 {[%clk 0:07:56]} Be2 {[%clk 0:08:07]} 69. Bh6
{[%clk 0:08:07]} Bd3 {[%clk 0:08:24]} 70. Kf6 {[%clk 0:08:32]} Be2
{[%clk 0:08:16]} 71. Ke7 {[%clk 0:07:31]} Bd3 {[%clk 0:08:38]} 72. Kf6
{[%clk 0:07:54]} Be2 {[%clk 0:09:05]} 73. Ke7 {[%clk 0:08:21]} Bd3
{[%clk 0:09:29]} 74. Kf6 {[%clk 0:08:47]} 1/2-1/2

[Event "festival54"]
[Site "?"]
[Date "2016.02.19"]
[Round "5.1"]
[White "Migot, Tangi"]
[Black "Ninov, Nikolai"]
[Result "0-1"]
[LiveChessVersion "1.4.7"]
[BlackElo "2450"]
[WhiteElo "2397"]

1. e4 {[%clk 1:24:43]} c5 {[%clk 1:27:07]} 2. Nf3 {[%clk 1:25:06]} Nf6
{[%clk 1:25:22]} 3. Nc3 {[%clk 1:24:43]} d5 {[%clk 1:21:13]} 4. exd5
{[%clk 1:24:22]} Nxd5 {[%clk 1:21:31]} 5. Bb5+ {[%clk 1:22:28]} Nc6
{[%clk 1:21:35]} 6. O-O {[%clk 1:21:04]} Nxc3 {[%clk 1:12:32]} 7. bxc3
{[%clk 1:20:30]} Bd7 {[%clk 1:11:37]} 8. d4 {[%clk 1:16:40]} a6 {[%clk 1:06:53]}
9. Bxc6 {[%clk 1:07:18]} Bxc6 {[%clk 1:03:14]} 10. Ne5 {[%clk 1:06:39]} e6
{[%clk 0:54:42]} 11. Nxc6 {[%clk 1:02:09]} bxc6 {[%clk 0:54:33]} 12. Qg4
{[%clk 1:02:01]} h5 {[%clk 0:36:13]} 13. Qe2 {[%clk 0:56:43]} Qd5
{[%clk 0:35:19]} 14. c4 {[%clk 0:34:53]} Qxd4 {[%clk 0:33:17]} 15. Bg5
{[%clk 0:32:41]} Qg4 {[%clk 0:24:17]} 16. Qd2 {[%clk 0:29:36]} f6
{[%clk 0:23:52]} 17. Rfd1 {[%clk 0:26:57]} Be7 {[%clk 0:23:42]} 18. Be3
{[%clk 0:21:24]} Rd8 {[%clk 0:18:38]} 19. Qe1 {[%clk 0:21:49]} Rxd1
{[%clk 0:15:15]} 20. Rxd1 {[%clk 0:21:54]} Qxc4 {[%clk 0:10:16]} 21. Qa5
{[%clk 0:21:41]} Qxc2 {[%clk 0:10:07]} 22. Rc1 {[%clk 0:21:43]} Qd3
{[%clk 0:08:34]} 23. Qc7 {[%clk 0:21:00]} Qd7 {[%clk 0:06:42]} 24. Qb8+
{[%clk 0:21:11]} Qd8 {[%clk 0:06:20]} 25. Qb7 {[%clk 0:21:16]} O-O
{[%clk 0:06:28]} 26. Qxc6 {[%clk 0:15:34]} Qd5 {[%clk 0:06:11]} 27. Qxa6
{[%clk 0:13:03]} Ra8 {[%clk 0:06:21]} 28. Qb5 {[%clk 0:11:58]} Rxa2
{[%clk 0:06:07]} 29. h3 {[%clk 0:12:16]} Ra8 {[%clk 0:05:02]} 30. Qe2
{[%clk 0:11:41]} Rd8 {[%clk 0:04:33]} 31. Qc2 {[%clk 0:10:06]} Kf7
{[%clk 0:04:41]} 32. Qe2 {[%clk 0:08:58]} Rd7 {[%clk 0:04:17]} 33. Qc2
{[%clk 0:08:29]} g6 {[%clk 0:04:01]} 34. Qa4 {[%clk 0:08:22]} Rb7
{[%clk 0:03:43]} 35. Qc2 {[%clk 0:06:23]} Qe5 {[%clk 0:02:13]} 36. Qd2
{[%clk 0:04:36]} Qf5 {[%clk 0:01:47]} 37. Qa2 {[%clk 0:04:15]} Qd3
{[%clk 0:01:19]} 38. Kh2 {[%clk 0:00:50]} Bd6+ {[%clk 0:01:28]} 39. Kg1
{[%clk 0:01:14]} h4 {[%clk 0:01:35]} 40. Qa4 {[%clk 0:01:28]} g5 {[%clk 0:01:06]}
41. Qa2 {[%clk 0:00:48]} Qe4 {[%clk 0:00:36]} 42. Qa6 {[%clk 0:00:36]} Rb1
{[%clk 0:00:31]} 43. Qxd6 {[%clk 0:00:58]} Rxc1+ {[%clk 0:00:57]} 44. Bxc1
{[%clk 0:01:25]} Qe1+ {[%clk 0:01:20]} 45. Kh2 {[%clk 0:01:51]} Qxc1
{[%clk 0:01:44]} 46. Qd7+ {[%clk 0:02:18]} Kg6 {[%clk 0:02:09]} 47. Qxe6
{[%clk 0:02:40]} Qf4+ {[%clk 0:02:20]} 48. Kg1 {[%clk 0:03:07]} Qd4
{[%clk 0:02:23]} 49. Qg8+ {[%clk 0:01:56]} Kf5 {[%clk 0:02:41]} 50. Qc8+
{[%clk 0:02:18]} Kf4 {[%clk 0:02:28]} 51. Qg4+ {[%clk 0:01:33]} Ke5
{[%clk 0:02:56]} 52. Qe2+ {[%clk 0:01:53]} Kd5 {[%clk 0:03:03]} 53. Qf3+
{[%clk 0:01:49]} Kc4 {[%clk 0:03:20]} 54. Qa3 {[%clk 0:01:52]} Qc3
{[%clk 0:01:44]} 55. Qa4+ {[%clk 0:02:04]} Kd3 {[%clk 0:01:56]} 56. Qd1+
{[%clk 0:02:09]} Ke4 {[%clk 0:02:12]} 57. Qe2+ {[%clk 0:01:45]} Kf5
{[%clk 0:01:38]} 58. Qg4+ {[%clk 0:01:30]} Ke5 {[%clk 0:01:50]} 59. Qe2+
{[%clk 0:01:55]} Kd6 {[%clk 0:02:01]} 60. Qe8 {[%clk 0:01:35]} Qa1+
{[%clk 0:02:14]} 0-1

[Event "festival54"]
[Site "?"]
[Date "2016.02.19"]
[Round "5.2"]
[White "Le Corre, Benjamin"]
[Black "Mohota, Nisha"]
[Result "1-0"]
[LiveChessVersion "1.4.7"]
[BlackElo "2257"]
[WhiteElo "2303"]

1. e4 {[%clk 1:24:17]} e5 {[%clk 1:30:43]} 2. Nf3 {[%clk 1:24:22]} Nc6
{[%clk 1:31:08]} 3. Bb5 {[%clk 1:24:18]} g6 {[%clk 1:31:17]} 4. h4
{[%clk 1:21:01]} Bg7 {[%clk 1:25:58]} 5. Nc3 {[%clk 1:19:03]} d6 {[%clk 1:23:40]}
6. d4 {[%clk 1:16:30]} Bd7 {[%clk 1:18:31]} 7. Bg5 {[%clk 1:07:25]} f6
{[%clk 1:17:10]} 8. Be3 {[%clk 1:07:42]} a6 {[%clk 1:12:09]} 9. Bc4
{[%clk 1:06:37]} Bg4 {[%clk 1:04:57]} 10. Qd2 {[%clk 1:02:56]} Bxf3
{[%clk 1:01:43]} 11. gxf3 {[%clk 1:03:14]} Qd7 {[%clk 0:50:25]} 12. dxe5
{[%clk 0:56:41]} fxe5 {[%clk 0:48:52]} 13. Nd5 {[%clk 0:51:00]} Nd4
{[%clk 0:44:48]} 14. O-O-O {[%clk 0:46:28]} b5 {[%clk 0:41:24]} 15. Bf1
{[%clk 0:46:12]} Qf7 {[%clk 0:37:43]} 16. Qa5 {[%clk 0:40:46]} Kd8
{[%clk 0:27:44]} 17. Bh3 {[%clk 0:28:47]} Bh6 {[%clk 0:13:05]} 18. Kb1
{[%clk 0:19:14]} Bxe3 {[%clk 0:12:32]} 19. fxe3 {[%clk 0:19:38]} Nc6
{[%clk 0:12:55]} 20. Qc3 {[%clk 0:19:02]} Qe8 {[%clk 0:11:21]} 21. f4
{[%clk 0:18:20]} b4 {[%clk 0:06:10]} 22. Qc4 {[%clk 0:16:47]} Ra7
{[%clk 0:03:47]} 23. fxe5 {[%clk 0:11:49]} Nxe5 {[%clk 0:03:55]} 24. Qd4
{[%clk 0:11:31]} c5 {[%clk 0:03:50]} 25. Qd2 {[%clk 0:11:53]} Qc6
{[%clk 0:01:13]} 26. Qf2 {[%clk 0:07:12]} Rf7 {[%clk 0:01:20]} 27. Qg3
{[%clk 0:07:35]} Ke8 {[%clk 0:01:08]} 28. Be6 {[%clk 0:07:22]} Rf3
{[%clk 0:01:20]} 29. Qg5 {[%clk 0:07:30]} h6 {[%clk 0:01:32]} 30. Qg2
{[%clk 0:07:40]} Ne7 {[%clk 0:01:10]} 31. Bg4 {[%clk 0:05:59]} Rf7
{[%clk 0:01:13]} 32. Nf4 {[%clk 0:05:50]} Nxg4 {[%clk 0:01:07]} 33. Qxg4
{[%clk 0:06:15]} Qxe4 {[%clk 0:01:27]} 34. Rhe1 {[%clk 0:05:39]} Rhf8
{[%clk 0:01:08]} 35. Qe2 {[%clk 0:03:32]} g5 {[%clk 0:00:56]} 36. hxg5
{[%clk 0:03:45]} hxg5 {[%clk 0:01:24]} 37. Qxa6 {[%clk 0:04:04]} gxf4
{[%clk 0:01:19]} 38. exf4 {[%clk 0:04:28]} Qxe1 {[%clk 0:00:34]} 39. Rxe1
{[%clk 0:04:53]} Rxf4 {[%clk 0:00:41]} 40. Qc8+ {[%clk 0:05:05]} Kf7
{[%clk 0:01:09]} 41. Qe6+ {[%clk 0:05:28]} Kg7 {[%clk 0:01:29]} 42. Rg1+
{[%clk 0:05:17]} Kh8 {[%clk 0:01:03]} 43. Qh6# 1-0